<?xml version="1.0" encoding="UTF-8"?>
<record
    xmlns:xsi="http://www.w3.org/2001/XMLSchema-instance"
    xsi:schemaLocation="http://www.loc.gov/MARC21/slim http://www.loc.gov/standards/marcxml/schema/MARC21slim.xsd"
    xmlns="http://www.loc.gov/MARC21/slim">

  <leader>00460    a2200181   4500</leader>
  <controlfield tag="003">OSt</controlfield>
  <controlfield tag="005">20240306100225.0</controlfield>
  <controlfield tag="008">240209b        |||||||| |||| 00| 0 eng d</controlfield>
  <datafield tag="020" ind1=" " ind2=" ">
    <subfield code="a">9789384336639</subfield>
  </datafield>
  <datafield tag="100" ind1=" " ind2=" ">
    <subfield code="a">Shelke.N.</subfield>
    <subfield code="9">205678</subfield>
  </datafield>
  <datafield tag="245" ind1=" " ind2=" ">
    <subfield code="a">Introduction to Machine Learning</subfield>
  </datafield>
  <datafield tag="250" ind1=" " ind2=" ">
    <subfield code="a">1st ed</subfield>
  </datafield>
  <datafield tag="260" ind1=" " ind2=" ">
    <subfield code="b">Das Ganu Prakashan</subfield>
    <subfield code="c">2020</subfield>
    <subfield code="a">Nagpur</subfield>
  </datafield>
  <datafield tag="300" ind1=" " ind2=" ">
    <subfield code="a">132pp.</subfield>
  </datafield>
  <datafield tag="700" ind1=" " ind2=" ">
    <subfield code="a">Chaudhari,N.</subfield>
    <subfield code="9">205679</subfield>
  </datafield>
  <datafield tag="700" ind1=" " ind2=" ">
    <subfield code="a">Sakarkar,G.</subfield>
    <subfield code="9">205680</subfield>
  </datafield>
  <datafield tag="942" ind1=" " ind2=" ">
    <subfield code="2">ddc</subfield>
    <subfield code="c">BK</subfield>
  </datafield>
  <datafield tag="999" ind1=" " ind2=" ">
    <subfield code="c">357056</subfield>
    <subfield code="d">357056</subfield>
  </datafield>
  <datafield tag="952" ind1=" " ind2=" ">
    <subfield code="0">0</subfield>
    <subfield code="1">0</subfield>
    <subfield code="2">ddc</subfield>
    <subfield code="4">0</subfield>
    <subfield code="7">0</subfield>
    <subfield code="8">BCA Pune</subfield>
    <subfield code="a">001</subfield>
    <subfield code="b">001</subfield>
    <subfield code="d">2024-01-09</subfield>
    <subfield code="e">Om Book Stall,Pune</subfield>
    <subfield code="g">212.50</subfield>
    <subfield code="i">565</subfield>
    <subfield code="l">11</subfield>
    <subfield code="m">3</subfield>
    <subfield code="p">KBJP-BK-2539</subfield>
    <subfield code="r">2025-04-19 00:00:00</subfield>
    <subfield code="s">2025-04-12</subfield>
    <subfield code="t">15%</subfield>
    <subfield code="v">250.00</subfield>
    <subfield code="w">2024-01-09</subfield>
    <subfield code="y">BK</subfield>
    <subfield code="z">2539</subfield>
  </datafield>
  <datafield tag="952" ind1=" " ind2=" ">
    <subfield code="0">0</subfield>
    <subfield code="1">0</subfield>
    <subfield code="2">ddc</subfield>
    <subfield code="4">0</subfield>
    <subfield code="7">0</subfield>
    <subfield code="8">BCA Pune</subfield>
    <subfield code="a">001</subfield>
    <subfield code="b">001</subfield>
    <subfield code="d">2024-01-09</subfield>
    <subfield code="e">Om Book Stall,Pune</subfield>
    <subfield code="g">212.50</subfield>
    <subfield code="i">565</subfield>
    <subfield code="l">5</subfield>
    <subfield code="m">3</subfield>
    <subfield code="p">KBJP-BK-2540</subfield>
    <subfield code="r">2025-10-03 10:43:33</subfield>
    <subfield code="s">2024-11-15</subfield>
    <subfield code="t">15%</subfield>
    <subfield code="v">250.00</subfield>
    <subfield code="w">2024-01-09</subfield>
    <subfield code="y">BK</subfield>
    <subfield code="z">2540</subfield>
  </datafield>
  <datafield tag="952" ind1=" " ind2=" ">
    <subfield code="0">0</subfield>
    <subfield code="1">0</subfield>
    <subfield code="2">ddc</subfield>
    <subfield code="4">0</subfield>
    <subfield code="7">0</subfield>
    <subfield code="8">BCA Pune</subfield>
    <subfield code="a">001</subfield>
    <subfield code="b">001</subfield>
    <subfield code="d">2024-01-09</subfield>
    <subfield code="e">Om Book Stall,Pune</subfield>
    <subfield code="g">212.50</subfield>
    <subfield code="i">565</subfield>
    <subfield code="l">10</subfield>
    <subfield code="m">6</subfield>
    <subfield code="p">KBJP-BK-2543</subfield>
    <subfield code="r">2025-04-19 00:00:00</subfield>
    <subfield code="s">2025-04-12</subfield>
    <subfield code="t">15%</subfield>
    <subfield code="v">250.00</subfield>
    <subfield code="w">2024-01-09</subfield>
    <subfield code="y">BK</subfield>
    <subfield code="z">2543</subfield>
  </datafield>
  <datafield tag="952" ind1=" " ind2=" ">
    <subfield code="0">0</subfield>
    <subfield code="1">0</subfield>
    <subfield code="2">ddc</subfield>
    <subfield code="4">0</subfield>
    <subfield code="7">0</subfield>
    <subfield code="8">BCA Pune</subfield>
    <subfield code="a">001</subfield>
    <subfield code="b">001</subfield>
    <subfield code="d">2024-01-09</subfield>
    <subfield code="e">Om Book Stall,Pune</subfield>
    <subfield code="g">212.50</subfield>
    <subfield code="i">565</subfield>
    <subfield code="l">8</subfield>
    <subfield code="m">4</subfield>
    <subfield code="p">KBJP-BK-2541</subfield>
    <subfield code="r">2026-05-14 05:51:00</subfield>
    <subfield code="s">2025-07-21</subfield>
    <subfield code="t">15%</subfield>
    <subfield code="v">250.00</subfield>
    <subfield code="w">2024-01-09</subfield>
    <subfield code="y">BK</subfield>
    <subfield code="z">2541</subfield>
  </datafield>
  <datafield tag="952" ind1=" " ind2=" ">
    <subfield code="0">0</subfield>
    <subfield code="1">0</subfield>
    <subfield code="2">ddc</subfield>
    <subfield code="4">0</subfield>
    <subfield code="7">0</subfield>
    <subfield code="8">BCA Pune</subfield>
    <subfield code="a">001</subfield>
    <subfield code="b">001</subfield>
    <subfield code="d">2024-01-09</subfield>
    <subfield code="e">Om Book Stall,Pune</subfield>
    <subfield code="g">212.50</subfield>
    <subfield code="i">565</subfield>
    <subfield code="l">4</subfield>
    <subfield code="p">KBJP-BK-2536</subfield>
    <subfield code="r">2026-05-13 10:32:04</subfield>
    <subfield code="s">2026-01-09</subfield>
    <subfield code="t">15%</subfield>
    <subfield code="v">250.00</subfield>
    <subfield code="w">2024-01-09</subfield>
    <subfield code="y">BK</subfield>
    <subfield code="z">2536</subfield>
  </datafield>
  <datafield tag="952" ind1=" " ind2=" ">
    <subfield code="0">0</subfield>
    <subfield code="1">0</subfield>
    <subfield code="2">ddc</subfield>
    <subfield code="4">0</subfield>
    <subfield code="7">0</subfield>
    <subfield code="8">BCA Pune</subfield>
    <subfield code="a">001</subfield>
    <subfield code="b">001</subfield>
    <subfield code="d">2024-01-09</subfield>
    <subfield code="e">Om Book Stall,Pune</subfield>
    <subfield code="g">212.50</subfield>
    <subfield code="i">565</subfield>
    <subfield code="l">13</subfield>
    <subfield code="m">8</subfield>
    <subfield code="p">KBJP-BK-2537</subfield>
    <subfield code="q">2026-02-20</subfield>
    <subfield code="r">2025-12-18 09:09:09</subfield>
    <subfield code="s">2025-12-18</subfield>
    <subfield code="t">15%</subfield>
    <subfield code="v">250.00</subfield>
    <subfield code="w">2024-01-09</subfield>
    <subfield code="y">BK</subfield>
    <subfield code="z">2537</subfield>
  </datafield>
  <datafield tag="952" ind1=" " ind2=" ">
    <subfield code="0">0</subfield>
    <subfield code="1">0</subfield>
    <subfield code="2">ddc</subfield>
    <subfield code="4">0</subfield>
    <subfield code="7">0</subfield>
    <subfield code="8">BCA Pune</subfield>
    <subfield code="a">001</subfield>
    <subfield code="b">001</subfield>
    <subfield code="d">2024-01-09</subfield>
    <subfield code="e">Om Book Stall,Pune</subfield>
    <subfield code="g">212.50</subfield>
    <subfield code="i">565</subfield>
    <subfield code="l">10</subfield>
    <subfield code="m">5</subfield>
    <subfield code="p">KBJP-BK-2538</subfield>
    <subfield code="r">2026-01-21 08:59:30</subfield>
    <subfield code="s">2026-01-12</subfield>
    <subfield code="t">15%</subfield>
    <subfield code="v">250.00</subfield>
    <subfield code="w">2024-01-09</subfield>
    <subfield code="y">BK</subfield>
    <subfield code="z">2538</subfield>
  </datafield>
  <datafield tag="952" ind1=" " ind2=" ">
    <subfield code="0">0</subfield>
    <subfield code="1">0</subfield>
    <subfield code="2">ddc</subfield>
    <subfield code="4">0</subfield>
    <subfield code="7">0</subfield>
    <subfield code="8">BCA Pune</subfield>
    <subfield code="a">001</subfield>
    <subfield code="b">001</subfield>
    <subfield code="d">2024-01-09</subfield>
    <subfield code="e">Om Book Stall,Pune</subfield>
    <subfield code="g">212.50</subfield>
    <subfield code="i">565</subfield>
    <subfield code="l">7</subfield>
    <subfield code="m">7</subfield>
    <subfield code="p">KBJP-BK-2542</subfield>
    <subfield code="r">2025-02-17 00:00:00</subfield>
    <subfield code="s">2025-02-10</subfield>
    <subfield code="t">15%</subfield>
    <subfield code="v">250.00</subfield>
    <subfield code="w">2024-01-09</subfield>
    <subfield code="y">BK</subfield>
    <subfield code="z">2542</subfield>
  </datafield>
  <datafield tag="952" ind1=" " ind2=" ">
    <subfield code="0">0</subfield>
    <subfield code="1">0</subfield>
    <subfield code="2">ddc</subfield>
    <subfield code="4">0</subfield>
    <subfield code="7">0</subfield>
    <subfield code="8">BCA Pune</subfield>
    <subfield code="a">001</subfield>
    <subfield code="b">001</subfield>
    <subfield code="d">2024-01-09</subfield>
    <subfield code="e">Om Book Stall,Pune</subfield>
    <subfield code="g">212.50</subfield>
    <subfield code="i">565</subfield>
    <subfield code="l">5</subfield>
    <subfield code="m">6</subfield>
    <subfield code="p">KBJP-BK-2535</subfield>
    <subfield code="r">2025-05-09 00:00:00</subfield>
    <subfield code="s">2025-02-13</subfield>
    <subfield code="t">15%</subfield>
    <subfield code="v">250.00</subfield>
    <subfield code="w">2024-01-09</subfield>
    <subfield code="y">BK</subfield>
    <subfield code="z">2535</subfield>
  </datafield>
  <datafield tag="952" ind1=" " ind2=" ">
    <subfield code="0">0</subfield>
    <subfield code="1">0</subfield>
    <subfield code="2">ddc</subfield>
    <subfield code="4">0</subfield>
    <subfield code="7">0</subfield>
    <subfield code="8">BCA Pune</subfield>
    <subfield code="a">001</subfield>
    <subfield code="b">001</subfield>
    <subfield code="d">2024-01-09</subfield>
    <subfield code="e">Om Book Stall,Pune</subfield>
    <subfield code="g">212.50</subfield>
    <subfield code="i">565</subfield>
    <subfield code="l">4</subfield>
    <subfield code="m">5</subfield>
    <subfield code="p">KBJP-BK-2534</subfield>
    <subfield code="r">2025-02-24 00:00:00</subfield>
    <subfield code="s">2025-02-18</subfield>
    <subfield code="t">15%</subfield>
    <subfield code="v">250.00</subfield>
    <subfield code="w">2024-01-09</subfield>
    <subfield code="y">BK</subfield>
    <subfield code="z">2534</subfield>
  </datafield>
</record>
